| 000 | 00640nam a2200217 4500 | ||
|---|---|---|---|
| 001 | 136061 | ||
| 003 | ES-MaACL | ||
| 005 | 20230906195027.0 | ||
| 007 | t| | ||
| 008 | 070214s1958 sp r ||||1| cat d | ||
| 100 | 1 |
_aRowans, Virginia. _9100172 |
|
| 245 | 1 | 0 |
_aA bord del divorcio _b: novela / _cVirginia Rowans ; traducción del inglés por Juan G. de Luaces. |
| 250 | _a1ª. ed. | ||
| 260 |
_aBarcelona : _bPlaneta, _c1958. |
||
| 300 |
_a408 p. ; _c19 cm. |
||
| 490 | 1 | _aCol. Goliat | |
| 700 | 1 |
_aLuaces, Juan G. de. _974483 |
|
| 830 | 0 |
_aCol. Goliat _9187028 |
|
| 852 |
_aES-MaACL _jC-16028 _bR.43636 |
||
| 999 |
_c136061 _d136061 |
||